[Event "HUN-chT2 Breyer 0304"]
[Site "Hungary"]
[Date "2004.02.22"]
[Round "8"]
[White "Kocsis, Janos"]
[Black "Blaho, Stefan"]
[Result "1/2-1/2"]
[WhiteElo "2294"]
[BlackElo "2174"]
[PlyCount "44"]
[EventDate "2003.09.28"]
[EventType "team"]
[EventRounds "11"]
[EventCountry "HUN"]
[SourceTitle "EXT 2009"]
[Source "ChessBase"]
[SourceDate "2008.11.26"]
[SourceVersion "1"]
[SourceVersionDate "2008.11.26"]
[SourceQuality "1"]
[WhiteTeam "Vasutepito"]
[BlackTeam "Komarom"]
[WhiteTeamCountry "HUN"]
[BlackTeamCountry "HUN"]

1. c4 Nf6 2. Nf3 c5 3. g3 b6 4. Bg2 Bb7 5. 0-0 e6 6. Nc3 Be7 7. d4 cxd4 8. Qxd4 d6 9. Rd1 a6 10. b3 Nbd7 11. Bb2 0-0 12. Ng5 Bxg2 13. Kxg2 Qc7 14. Nge4 Rfd8 15. Nxf6+ Nxf6 16. e4 Qb7 17. a4 Ne8 18. f3 Bf6 19. Qd3 Nc7 20. Rab1 h6 21. Rd2 Rd7 22. Rbd1 Rad8 1/2-1/2

[Event "HUN-chT2 Breyer 0304"]
[Site "Hungary"]
[Date "2003.09.28"]
[Round "1"]
[White "Kocsis, Janos"]
[Black "Horvath, Gabor"]
[Result "0-1"]
[WhiteElo "2294"]
[BlackElo "2315"]
[PlyCount "66"]
[EventDate "2003.09.28"]
[EventType "team"]
[EventRounds "11"]
[EventCountry "HUN"]
[SourceTitle "EXT 2009"]
[Source "ChessBase"]
[SourceDate "2008.11.26"]
[SourceVersion "1"]
[SourceVersionDate "2008.11.26"]
[SourceQuality "1"]
[WhiteTeam "Vasutepito"]
[BlackTeam "MAFC"]
[WhiteTeamCountry "HUN"]
[BlackTeamCountry "HUN"]

1. c4 g6 2. Nc3 Bg7 3. e4 d6 4. d4 Nf6 5. Nf3 0-0 6. Be2 e5 7. 0-0 Nc6 8. d5 Ne7 9. Ne1 Nd7 10. Nd3 f5 11. Bd2 Nf6 12. f3 Kh8 13. c5 Neg8 14. Qc1 f4 15. cxd6 cxd6 16. Nf2 h5 17. Nb5 Rf7 18. b3 g5 19. Bb4 Bf8 20. Qa3 Ne8 21. Qb2 g4 22. fxg4 hxg4 23. g3 Qg5 24. Bd2 Ngf6 25. Nd3 Rh7 26. Nxf4 exf4 27. Bxf4 Qh5 28. Bd3 Bd7 29. Nxd6 Nxd6 30. e5 Nf5 31. exf6 Bc5+ 32. Kh1 Nxg3+ 33. Bxg3 Qxd5+ 0-1

[Event "HUN-chT2 Erkel 0203"]
[Site "Hungary"]
[Date "2003.04.13"]
[Round "11"]
[White "Kocsis, Janos"]
[Black "Horvath, Gabor"]
[Result "0-1"]
[WhiteElo "2295"]
[BlackElo "2304"]
[PlyCount "78"]
[EventDate "2002.09.22"]
[EventType "team"]
[EventRounds "11"]
[EventCountry "HUN"]
[SourceTitle "EXT 2009"]
[Source "ChessBase"]
[SourceDate "2008.11.26"]
[SourceVersion "1"]
[SourceVersionDate "2008.11.26"]
[SourceQuality "1"]

1. c4 g6 2. Nc3 Bg7 3. e4 d6 4. d4 Nf6 5. Nf3 0-0 6. Be2 e5 7. 0-0 Nc6 8. d5 Ne7 9. Ne1 Nd7 10. Nd3 f5 11. Bd2 Nf6 12. f3 f4 13. g4 g5 14. b4 h5 15. h3 Ng6 16. c5 Rf7 17. a4 Bf8 18. Be1 Rh7 19. cxd6 cxd6 20. Rc1 Be7 21. Kg2 Qf8 22. Bf2 Bd8 23. a5 b6 24. Ra1 bxa5 25. bxa5 Ba6 26. Nb4 Bxe2 27. Qxe2 hxg4 28. hxg4 Nxg4 29. Rh1 Rxh1 30. Rxh1 Nxf2 31. Kxf2 Bxa5 32. Nca2 Qb8 33. Nc6 Qb6+ 34. Kg2 Nh4+ 35. Kh3 Kf7 36. Nxa5 Qxa5 37. Qb2 Rh8 38. Qb7+ Kf6 39. Qd7 Nf5+ 0-1

[Event "HUN-chT2 Erkel 0203"]
[Site "Hungary"]
[Date "2002.12.08"]
[Round "4"]
[White "Kocsis, Janos"]
[Black "Cseke, Richard"]
[Result "1/2-1/2"]
[WhiteElo "2295"]
[BlackElo "2252"]
[PlyCount "61"]
[EventDate "2002.09.22"]
[EventType "team"]
[EventRounds "11"]
[EventCountry "HUN"]
[SourceTitle "EXT 2009"]
[Source "ChessBase"]
[SourceDate "2008.11.26"]
[SourceVersion "1"]
[SourceVersionDate "2008.11.26"]
[SourceQuality "1"]

1. c4 Nf6 2. Nc3 g6 3. e4 d6 4. d4 Bg7 5. Nf3 0-0 6. Be2 Nbd7 7. 0-0 e5 8. Qc2 exd4 9. Nxd4 Nc5 10. Rd1 Re8 11. f3 a5 12. Bg5 h6 13. Bh4 g5 14. Bf2 Nh5 15. g3 Bd7 16. Nf5 Bxf5 17. Bxc5 Bg6 18. Bd4 Be5 19. Bxe5 Rxe5 20. Rd5 Rxd5 21. cxd5 Qe7 22. Nb5 Qe5 23. Bd3 Rc8 24. Qc3 Nf6 25. Qxe5 dxe5 26. Rc1 Nxd5 27. exd5 Bxd3 28. Nxc7 f5 29. Rc3 e4 30. fxe4 Bxe4 31. Kf2 1/2-1/2

[Event "Szombathely Savaria op 2nd"]
[Site "Szombathely"]
[Date "2002.08.01"]
[Round "9"]
[White "Horvath, Reka"]
[Black "Kocsis, Janos"]
[Result "1-0"]
[WhiteElo "2032"]
[BlackElo "2295"]
[PlyCount "61"]
[EventDate "2002.07.26"]
[EventType "swiss"]
[EventRounds "9"]
[EventCountry "HUN"]
[SourceTitle "CBM 089 Extra"]
[Source "ChessBase"]
[SourceDate "2002.09.10"]
[SourceVersion "2"]
[SourceVersionDate "2002.09.10"]
[SourceQuality "1"]

1. e4 d5 2. exd5 Qxd5 3. Nc3 Qa5 4. d4 c6 5. h3 Bf5 6. Nf3 Nf6 7. Bd2 Qc7 8. Nh4 Bd7 9. Bd3 e6 10. Qf3 Be7 11. g4 Nd5 12. Ng2 Bf6 13. Qe4 Qb6 14. 0-0-0 Qxd4 15. Qe2 b5 16. g5 Be7 17. Ne3 Nxe3 18. Bxe3 Qe5 19. f4 Qc7 20. Bd2 Na6 21. Ne4 Nc5 22. Nxc5 Bxc5 23. Bc3 Bf8 24. Rhf1 a5 25. f5 b4 26. fxe6 Bxe6 27. g6 bxc3 28. gxf7+ Ke7 29. Bc4 cxb2+ 30. Kb1 Qc8 31. Qe5 1-0

[Event "HUN-chT3 0102"]
[Site "Hungary"]
[Date "2002.04.21"]
[Round "11"]
[White "Bako, Viktor"]
[Black "Kocsis, Janos"]
[Result "1-0"]
[WhiteElo "2149"]
[BlackElo "2295"]
[PlyCount "67"]
[EventDate "2001.09.30"]
[EventType "team"]
[EventRounds "11"]
[EventCountry "HUN"]
[SourceTitle "EXT 2004"]
[Source "ChessBase"]
[SourceDate "2003.11.25"]
[SourceVersion "1"]
[SourceVersionDate "2003.11.25"]
[SourceQuality "1"]

1. c4 c5 2. Nf3 g6 3. g3 Bg7 4. Bg2 Nc6 5. Nc3 e5 6. d3 d6 7. Nd5 Nce7 8. 0-0 Nxd5 9. cxd5 Ne7 10. e4 0-0 11. b4 cxb4 12. d4 exd4 13. Nxd4 a5 14. Bf4 Be5 15. Rc1 Bxf4 16. gxf4 Bd7 17. e5 Nf5 18. Re1 Nxd4 19. Qxd4 Bf5 20. Re3 Re8 21. Rce1 Rc8 22. Bh3 Bxh3 23. Rxh3 Qc7 24. e6 fxe6 25. dxe6 Qc5 26. Qf6 Qf5 27. Qh4 h5 28. Rg3 Rxe6 29. Rxe6 Qxe6 30. Qxh5 Rc1+ 31. Kg2 Qe4+ 32. Kh3 Rc3 33. f3 Qe6+ 34. f5 1-0

[Event "HUN-chT3 0102"]
[Site "Hungary"]
[Date "2002.04.07"]
[Round "10"]
[White "Kocsis, Janos"]
[Black "Cseke, Richard"]
[Result "0-1"]
[WhiteElo "2295"]
[BlackElo "2252"]
[PlyCount "94"]
[EventDate "2001.09.30"]
[EventType "team"]
[EventRounds "11"]
[EventCountry "HUN"]
[SourceTitle "EXT 2004"]
[Source "ChessBase"]
[SourceDate "2003.11.25"]
[SourceVersion "1"]
[SourceVersionDate "2003.11.25"]
[SourceQuality "1"]

1. Nf3 Nf6 2. c4 c6 3. g3 d5 4. b3 Bf5 5. Bg2 e6 6. 0-0 Be7 7. Bb2 0-0 8. Nh4 Be4 9. Nf3 Nbd7 10. d3 Bxf3 11. Bxf3 e5 12. Nd2 a5 13. a3 Bd6 14. Bg2 Qe7 15. e4 dxe4 16. Nxe4 Nxe4 17. dxe4 Rfd8 18. Qc2 Nf6 19. Qc3 b5 20. h3 b4 21. axb4 axb4 22. Qc2 Rxa1 23. Rxa1 Bc5 24. Rd1 Rxd1+ 25. Qxd1 Qd6 26. Qxd6 Bxd6 27. Bf3 Nd7 28. Bd1 Nc5 29. Bc2 f6 30. f3 Ne6 31. Kf2 g5 32. h4 gxh4 33. gxh4 Kg7 34. Kg3 Kg6 35. Kg4 Nf4 36. Kg3 Bc5 37. Bb1 Bd4 38. Bxd4 Ne2+ 39. Kg4 h5+ 40. Kh3 Nxd4 41. Ba2 Nxf3 42. Bb1 Nd4 43. Ba2 c5 44. Kg2 f5 45. exf5+ Kxf5 46. Kf2 Kf4 47. Bb1 e4 0-1

[Event "HUN-chT3 0001"]
[Site "Hungary"]
[Date "2001.04.08"]
[Round "10.2"]
[White "Ortel, Endre"]
[Black "Kocsis, Janos"]
[Result "1-0"]
[WhiteElo "2315"]
[BlackElo "2295"]
[PlyCount "81"]
[EventDate "2000.10.29"]
[EventType "team"]
[EventRounds "11"]
[EventCountry "HUN"]
[SourceTitle "EXT 2007"]
[Source "ChessBase"]
[SourceDate "2006.11.23"]
[SourceVersion "1"]
[SourceVersionDate "2006.11.23"]
[SourceQuality "1"]

1. e4 c6 2. d4 d5 3. exd5 cxd5 4. c4 Nf6 5. Nc3 e6 6. Nf3 Be7 7. cxd5 Nxd5 8. Bd3 0-0 9. 0-0 Nf6 10. Bg5 Nc6 11. Rc1 Nb4 12. Bb1 Nfd5 13. Nxd5 Nxd5 14. Qd3 g6 15. Bh6 Re8 16. Ne5 Bf8 17. Qh3 Bxh6 18. Qxh6 Qf6 19. Be4 Qf4 20. Qxf4 Nxf4 21. Bf3 Nd5 22. Bxd5 exd5 23. Rc7 f6 24. Nf7 b6 25. Rfc1 Be6 26. Nh6+ Kh8 27. f4 Rac8 28. g4 f5 29. h3 a5 30. Kf2 b5 31. Kg3 b4 32. Kh4 Rxc7 33. Rxc7 Ra8 34. Re7 Ra6 35. Kg5 fxg4 36. hxg4 a4 37. f5 gxf5 38. gxf5 Bg8 39. Re8 Rxh6 40. Kxh6 b3 41. f6 1-0

[Event "HUN-chT3 0001"]
[Site "Hungary"]
[Date "2001.02.04"]
[Round "6.2"]
[White "Tegzes, Laszlo"]
[Black "Kocsis, Janos"]
[Result "1/2-1/2"]
[WhiteElo "2146"]
[BlackElo "2295"]
[PlyCount "27"]
[EventDate "2000.10.29"]
[EventType "team"]
[EventRounds "11"]
[EventCountry "HUN"]
[SourceTitle "EXT 2007"]
[Source "ChessBase"]
[SourceDate "2006.11.23"]
[SourceVersion "1"]
[SourceVersionDate "2006.11.23"]
[SourceQuality "1"]

1. e4 c6 2. d4 d5 3. exd5 cxd5 4. Bd3 Nc6 5. c3 g6 6. Nf3 Bg4 7. h3 Bxf3 8. Qxf3 Nf6 9. 0-0 Bg7 10. Bf4 0-0 11. Nd2 Qb6 12. Nb3 Na5 13. Nxa5 Qxa5 14. Qe2 1/2-1/2

[Event "HUN-chT3 0001"]
[Site "Hungary"]
[Date "2000.12.03"]
[Round "4.1"]
[White "Kocsis, Janos"]
[Black "Dekany, Lajos"]
[Result "1-0"]
[WhiteElo "2295"]
[BlackElo "2188"]
[PlyCount "103"]
[EventDate "2000.10.29"]
[EventType "team"]
[EventRounds "11"]
[EventCountry "HUN"]
[SourceTitle "EXT 2007"]
[Source "ChessBase"]
[SourceDate "2006.11.23"]
[SourceVersion "1"]
[SourceVersionDate "2006.11.23"]
[SourceQuality "1"]

1. c4 e6 2. Nc3 Bb4 3. Nf3 f5 4. g3 b6 5. Bg2 Bb7 6. 0-0 Nf6 7. Qb3 a5 8. d3 0-0 9. Qc2 Qe8 10. b3 Qh5 11. a3 Be7 12. Ne1 Bxg2 13. Kxg2 g5 14. h3 Nc6 15. Nb5 Rac8 16. Qd2 h6 17. f4 g4 18. h4 d5 19. Bb2 Rfd8 20. Nc2 Kf7 21. Qc3 Ne8 22. cxd5 Rxd5 23. Qxc6 Rc5 24. Qb7 Rxc2 25. Qxc8 Rxb2 26. Nd4 Qg6 27. Rac1 Bc5 28. Qd7+ Be7 29. Rf2 c5 30. Nc6 Qf6 31. Nd8+ Kf8 32. Nxe6+ Kf7 33. Nd8+ Kf8 34. Nc6 Bd6 35. b4 axb4 36. axb4 cxb4 37. Ra1 Qf7 38. Qxf7+ Kxf7 39. e4 Rb3 40. e5 Bf8 41. Ra7+ Kg8 42. Ne7+ Bxe7 43. Rxe7 Kf8 44. Rb7 Rxd3 45. Rxb6 Nc7 46. Rxb4 Nd5 47. Rb7 Ne3+ 48. Kh2 Ra3 49. Rc7 Ke8 50. Rh7 Ra1 51. Re2 Ra3 52. Rb2 1-0

[Event "HUN-chT3 0001"]
[Site "Hungary"]
[Date "2000.11.12"]
[Round "2.2"]
[White "Kocsis, Janos"]
[Black "Deak, Ferenc"]
[Result "1/2-1/2"]
[WhiteElo "2295"]
[BlackElo "2201"]
[PlyCount "120"]
[EventDate "2000.10.29"]
[EventType "team"]
[EventRounds "11"]
[EventCountry "HUN"]
[SourceTitle "EXT 2007"]
[Source "ChessBase"]
[SourceDate "2006.11.23"]
[SourceVersion "1"]
[SourceVersionDate "2006.11.23"]
[SourceQuality "1"]

1. c4 c5 2. Nf3 Nf6 3. Nc3 Nc6 4. g3 d5 5. cxd5 Nxd5 6. Bg2 Nc7 7. d3 e5 8. Bd2 Be7 9. Rc1 0-0 10. 0-0 Bd7 11. Ne1 Rc8 12. f4 exf4 13. Bxf4 Bg4 14. Nf3 Ne6 15. Be3 Ncd4 16. Ne5 Bh5 17. Qd2 b5 18. Rce1 f5 19. Kh1 Bd6 20. Nf3 b4 21. Nd1 f4 22. Bxd4 cxd4 23. Bh3 Bxf3+ 24. exf3 Ng5 25. Bxc8 Qxc8 26. g4 Qc6 27. Kg2 b3 28. a3 Qd5 29. Qc1 Kf7 30. h4 Ne6 31. Nf2 h5 32. g5 Nxg5 33. Qc4 Qxc4 34. dxc4 Ne6 35. Ne4 Be7 36. Kh3 Rc8 37. Rc1 Nc5 38. Nxc5 Bxc5 39. Rfd1 Re8 40. Re1 Re3 41. Kg2 Kf6 42. Rcd1 Ke5 43. Kf2 Be7 44. Rxe3+ fxe3+ 45. Ke2 a5 46. Rg1 Bf6 47. a4 Kd6 48. Kd3 Kc5 49. Rc1 Kd6 50. Ke2 Kc6 51. Kd3 Kc5 52. Ra1 Bxh4 53. Rh1 e2 54. Kxe2 Bf6 55. Kd3 h4 56. Rc1 Bg5 57. Rg1 Bf6 58. f4 Kb4 59. Rc1 Kc5 60. Rg1 Kb4 1/2-1/2

[Event "HUN-chT3 9899"]
[Site "Hungary"]
[Date "1999.04.25"]
[Round "11"]
[White "Kocsis, Janos"]
[Black "Kovacs, Istvan"]
[Result "1-0"]
[WhiteElo "2295"]
[BlackElo "2250"]
[PlyCount "61"]
[EventDate "1998.09.??"]
[EventType "team"]
[EventRounds "11"]
[EventCountry "HUN"]
[SourceTitle "EXT 2001"]
[Source "ChessBase"]
[SourceDate "2000.11.22"]
[SourceVersion "1"]
[SourceVersionDate "2000.11.22"]
[SourceQuality "1"]

1. c4 Nf6 2. Nc3 e6 3. e4 d5 4. cxd5 exd5 5. e5 Ng8 6. d4 Bb4 7. Nf3 h6 8. Bd3 Ne7 9. 0-0 0-0 10. a3 Bxc3 11. bxc3 b6 12. Nh4 Ba6 13. Bxa6 Nxa6 14. f4 f5 15. exf6 Rxf6 16. f5 Qd7 17. Qd3 Nb8 18. g4 Nbc6 19. Ra2 Raf8 20. Raf2 g5 21. Nf3 Nc8 22. h4 gxh4 23. Nxh4 R8f7 24. Ng6 Rh7 25. Rh2 Nd6 26. Bxh6 Ne4 27. Qf3 Ne7 28. Nxe7+ Qxe7 29. g5 Rc6 30. f6 Qd7 31. Qh5 1-0

[Event "HUN-chT 9798"]
[Site "Hungary"]
[Date "1998.??.??"]
[Round "?"]
[White "Farkas, Gyula"]
[Black "Kocsis, Janos"]
[Result "1-0"]
[WhiteElo "2190"]
[BlackElo "2250"]
[PlyCount "85"]
[EventDate "1997.??.??"]
[EventType "team"]
[EventRounds "12"]
[EventCountry "HUN"]
[SourceTitle "EXT 2000"]
[Source "ChessBase"]
[SourceDate "1999.11.16"]
[SourceVersion "1"]
[SourceVersionDate "1999.11.16"]
[SourceQuality "1"]

1. e4 c6 2. d4 d5 3. Nc3 g6 4. Nf3 Bg7 5. Be2 Bg4 6. exd5 cxd5 7. Ne5 Bxe2 8. Qxe2 a6 9. Qf3 Nf6 10. Bg5 0-0 11. 0-0 Nc6 12. Rad1 Qd6 13. Rfe1 Rad8 14. a3 Nb8 15. Rd3 h6 16. Bh4 Qe6 17. Re2 Qf5 18. Qxf5 gxf5 19. Rf3 e6 20. g4 Nxg4 21. Bxd8 Nxe5 22. dxe5 Rxd8 23. Rg3 Kh7 24. f4 Nc6 25. Reg2 Bh8 26. Na4 Ne7 27. Rc3 Nc6 28. Nc5 d4 29. Rb3 b5 30. Nxa6 Na7 31. a4 f6 32. axb5 fxe5 33. b6 Nc6 34. b7 exf4 35. b8Q Nxb8 36. Nxb8 Bf6 37. Rb7+ Kh8 38. Rg6 Rg8 39. Rxg8+ Kxg8 40. Nd7 Bg7 41. Kg2 h5 42. Kf3 Bh6 43. Ne5 1-0

[Event "HUN-chT 9798"]
[Site "Hungary"]
[Date "1998.??.??"]
[Round "?"]
[White "Kocsis, Janos"]
[Black "Kovacs, Adrian"]
[Result "1-0"]
[WhiteElo "2250"]
[BlackElo "2180"]
[PlyCount "107"]
[EventDate "1997.??.??"]
[EventType "team"]
[EventRounds "12"]
[EventCountry "HUN"]
[SourceTitle "EXT 2000"]
[Source "ChessBase"]
[SourceDate "1999.11.16"]
[SourceVersion "1"]
[SourceVersionDate "1999.11.16"]
[SourceQuality "1"]

1. c4 c5 2. Nf3 Nf6 3. Nc3 b6 4. g3 Bb7 5. Bg2 g6 6. 0-0 Bg7 7. d4 cxd4 8. Qxd4 d6 9. b3 Nc6 10. Qh4 h6 11. Qf4 g5 12. Qf5 e6 13. Qb1 Qe7 14. Bb2 g4 15. Nh4 Nd4 16. Qd3 Bxg2 17. Kxg2 Nh5 18. Qe4 Rc8 19. Qxg4 Qg5 20. Qe4 f5 21. Qb7 0-0 22. e3 Nc6 23. Qd7 Qf6 24. Na4 e5 25. Rad1 f4 26. Rxd6 Rfd8 27. Qxc8 Qxd6 28. Qg4 Nf6 29. Qxg7+ Kxg7 30. Nf5+ Kg6 31. Nxd6 Rxd6 32. exf4 exf4 33. gxf4 Nh5 34. Be5 Rd2 35. Nc3 Kf5 36. Rd1 Rc2 37. Nb5 Nxf4+ 38. Bxf4 Kxf4 39. Rd6 Ne5 40. Nxa7 Rxa2 41. Nc8 Ng4 42. Rd4+ Kg5 43. Nxb6 Nxf2 44. Kf3 h5 45. c5 Ng4 46. Rd5+ Kh4 47. Rd4 Kh3 48. Ke4 Kxh2 49. c6 Ra7 50. Rd7 Nf6+ 51. Kf5 Nxd7 52. cxd7 Rxd7 53. Nxd7 Kg3 54. Ne5 1-0

[Event "HUN-chT 9798"]
[Site "Hungary"]
[Date "1997.??.??"]
[Round "?"]
[White "Kocsis, Janos"]
[Black "Morvay, Miklos"]
[Result "1/2-1/2"]
[WhiteElo "2250"]
[BlackElo "2225"]
[PlyCount "41"]
[EventDate "1997.??.??"]
[EventType "team"]
[EventRounds "12"]
[EventCountry "HUN"]
[SourceTitle "EXT 2000"]
[Source "ChessBase"]
[SourceDate "1999.11.16"]
[SourceVersion "1"]
[SourceVersionDate "1999.11.16"]
[SourceQuality "1"]

1. c4 Nf6 2. Nc3 d5 3. cxd5 Nxd5 4. Nf3 Nxc3 5. bxc3 g6 6. g3 Bg7 7. Bg2 0-0 8. Rb1 c5 9. 0-0 Nc6 10. Qa4 Qc7 11. Bb2 b6 12. d4 Bf5 13. Rbc1 b5 14. Qd1 Be4 15. e3 Rfd8 16. Qe2 Qa5 17. a3 Qb6 18. Nd2 Bxg2 19. Kxg2 e5 20. dxc5 Qxc5 21. c4 1/2-1/2

[Event "HUN-chT 9798"]
[Site "Hungary"]
[Date "1997.??.??"]
[Round "?"]
[White "Lengyel, Ferenc"]
[Black "Kocsis, Janos"]
[Result "1/2-1/2"]
[WhiteElo "2270"]
[BlackElo "2250"]
[PlyCount "36"]
[EventDate "1997.??.??"]
[EventType "team"]
[EventRounds "12"]
[EventCountry "HUN"]
[SourceTitle "EXT 2000"]
[Source "ChessBase"]
[SourceDate "1999.11.16"]
[SourceVersion "1"]
[SourceVersionDate "1999.11.16"]
[SourceQuality "1"]

1. d4 Nf6 2. Nf3 c5 3. dxc5 e6 4. c4 Bxc5 5. Nc3 0-0 6. e3 b6 7. Be2 Bb7 8. 0-0 d5 9. a3 a5 10. b3 Nbd7 11. Bb2 Qe7 12. Na4 Rfd8 13. Nxc5 Nxc5 14. Qc2 dxc4 15. Bxc4 Be4 16. Qe2 Qb7 17. Rfd1 Bc6 18. a4 Bd5 1/2-1/2

[Event "HUN-chT2"]
[Site "Hungary"]
[Date "1996.??.??"]
[Round "?"]
[White "Kocsis, Janos"]
[Black "Horvath, Jeno Kalman"]
[Result "1-0"]
[WhiteElo "2280"]
[BlackElo "2195"]
[PlyCount "95"]
[EventDate "1996.??.??"]
[EventType "team"]
[EventRounds "13"]
[EventCountry "HUN"]
[SourceTitle "EXT 2006"]
[Source "ChessBase"]
[SourceDate "2005.11.24"]
[SourceVersion "1"]
[SourceVersionDate "2005.11.24"]
[SourceQuality "1"]

1. c4 c5 2. Nf3 b6 3. g3 Bb7 4. Bg2 g6 5. d4 Bg7 6. d5 d6 7. 0-0 Nf6 8. Nc3 Nbd7 9. Bf4 0-0 10. Qd2 a6 11. a4 Re8 12. Rae1 b5 13. axb5 axb5 14. Nxb5 Qb6 15. e4 Ng4 16. Bh3 h5 17. Bxg4 hxg4 18. Ng5 Ra2 19. Rb1 Bc8 20. f3 gxf3 21. Rxf3 Nf6 22. Rb3 Qd8 23. Re1 Ra4 24. Qd3 Ng4 25. Nf3 Qa5 26. Bd2 Qd8 27. Bc3 Ne5 28. Nxe5 dxe5 29. Ra3 Rxa3 30. bxa3 Qb6 31. a4 Ba6 32. a5 Qb8 33. Rb1 Rc8 34. Nd4 Qc7 35. Nc6 e6 36. Rb6 exd5 37. Qxd5 Bb7 38. Ne7+ Qxe7 39. Rxb7 Qf6 40. Kg2 Rd8 41. Rd7 Rf8 42. Qxc5 Qe6 43. Qd5 Qg4 44. Qd3 Bf6 45. a6 Kg7 46. a7 Ra8 47. h3 Qe6 48. Qd5 1-0

[Event "HUN-chT2 9495"]
[Site "Hungary"]
[Date "1995.??.??"]
[Round "?"]
[White "Demeny, Antal"]
[Black "Kocsis, Janos"]
[Result "1/2-1/2"]
[WhiteElo "2200"]
[BlackElo "2290"]
[PlyCount "50"]
[EventDate "1994.??.??"]
[EventType "team"]
[EventRounds "13"]
[EventCountry "HUN"]
[SourceTitle "EXT 1999"]
[Source "ChessBase"]
[SourceDate "1998.11.16"]
[SourceVersion "1"]
[SourceVersionDate "1998.11.16"]
[SourceQuality "1"]

1. d4 Nf6 2. c4 c5 3. Nf3 g6 4. g3 Bg7 5. Bg2 0-0 6. 0-0 cxd4 7. Nxd4 Nc6 8. Nc3 Nxd4 9. Qxd4 d6 10. b3 Bf5 11. Bb2 Qd7 12. Nd5 Rfe8 13. Rfd1 Nh5 14. Qd2 Bxb2 15. Qxb2 Rac8 16. Rac1 b6 17. e4 Bg4 18. f3 Be6 19. e5 Bxd5 20. Rxd5 Rc5 21. Rcd1 Rxd5 22. Rxd5 Qe6 23. f4 dxe5 24. Rxe5 Qd7 25. Rd5 Qc7 1/2-1/2

[Event "HUN-chT2 9596"]
[Site "Hungary"]
[Date "1995.??.??"]
[Round "2"]
[White "Kocsis, Janos"]
[Black "Czebe, Attila"]
[Result "1/2-1/2"]
[WhiteElo "2280"]
[BlackElo "2325"]
[PlyCount "23"]
[EventDate "1995.??.??"]
[EventType "team"]
[EventRounds "11"]
[EventCountry "HUN"]
[SourceTitle "EXT 2000"]
[Source "ChessBase"]
[SourceDate "1999.11.16"]
[SourceVersion "1"]
[SourceVersionDate "1999.11.16"]
[SourceQuality "1"]

1. c4 e5 2. Nc3 Nf6 3. Nf3 d6 4. d4 Nbd7 5. e4 g6 6. Be2 Bg7 7. 0-0 0-0 8. Qc2 h6 9. Rd1 Nh7 10. b3 Re8 11. Be3 c6 12. dxe5 1/2-1/2

[Event "Bekescsaba"]
[Site "Bekescsaba"]
[Date "1995.??.??"]
[Round "5"]
[White "Kocsis, Janos"]
[Black "Pacal, Mihaly"]
[Result "1-0"]
[WhiteElo "2290"]
[BlackElo "2235"]
[PlyCount "60"]
[EventDate "1995.??.??"]
[EventType "tourn"]
[EventRounds "11"]
[EventCountry "HUN"]
[EventCategory "3"]
[SourceTitle "EXT 2004"]
[Source "ChessBase"]
[SourceDate "2003.11.25"]
[SourceVersion "1"]
[SourceVersionDate "2003.11.25"]
[SourceQuality "1"]

1. c4 Nf6 2. Nc3 e5 3. Nf3 Nc6 4. e3 d5 5. cxd5 Nxd5 6. Bb5 Nxc3 7. bxc3 Bd6 8. 0-0 0-0 9. d4 exd4 10. cxd4 f5 11. Ba3 Bxa3 12. Qb3+ Kh8 13. Qxa3 Ne7 14. Bc4 Ng6 15. h4 Qf6 16. Rac1 Bd7 17. g3 a5 18. h5 Ne7 19. Qc5 c6 20. Ne5 Be8 21. Be2 Nc8 22. Bf3 Nd6 23. Kg2 a4 24. Rb1 Rg8 25. Rb6 Qd8 26. Rfb1 g5 27. hxg6 Bxg6 28. Nxg6+ Rxg6 29. d5 cxd5 30. Bxd5 Rg7 1-0